000 00402nam a2200157Ia 4500
008 230711s9999||||xx |||||||||||||| ||und||
041 _aENG
082 _a621.381
_bMI-M
100 _aMillman,Jacob
245 0 _aMicro electronics
250 _a2nd . . Ed.
260 _c2001
_aNew Delhi
_bTata McGraw Hill Education Limited
650 _aElectronics Engineering
700 _aGrabel,Arvin
942 _cBK
999 _c498
_d498